Statistics for F1 Teams - Venues

Click here to take the quiz!

General Stats

  • This quiz has been taken 36 times
    (16 since last reset)
  • The average score is 7 of 13

Answer Stats

TeamVenue% Correct
FerrariMaranello
100%
Mercedes (chassis)Brackley
81%
Aston MartinSilverstone
75%
Red BullMilton Keynes
69%
McLarenWoking
69%
Alpha TauriFaenza
63%
Alpine (chassis)Enstone
50%
WilliamsGrove
38%
Mercedes (engine)Brixworth
31%
Alfa RomeoHinwil
31%
Haas (Europe)Banbury
25%
Alpine (engine)Viry-Chatillon
19%
Haas (USA-main)Kannapolis
13%

Score Distribution

Percentile by Number Answered

Percent of People with Each Score

Your Score History

You have not taken this quiz since the last reset